000 00708nam a2200289Ia 4500
005 20260324123658.0
008 008 260324s9999 xx 000 0 eng d
020 _a9780203813225
037 _aEBOOK
040 _aCRL
040 _beng
040 _cCRL
041 _2eng
041 _aeng
084 _qCRL
100 _aClaire Hughes
_91171232
245 0 _aSocial Understanding and Social Lives
245 0 _bFrom Toddlerhood through to the Transition to School
260 _bTaylor and Francis
260 _c2011
365 _a
365 _b230
856 _uhttp://www.taylorfrancis.com/books/9780203813225
942 _cEBOOK
999 _c1764959
_d1764959